Państwa najbliżej Francji A-Z - Statystyki

Ogólne statystyki
  • Ten quiz został rozwiązany 108 razy
    30 od ostatniego zresetowania
  • Średni wynik to 20 z 24
Statystyki odpowiedzi
Litera Państwo % Poprawnych
A Andora
100%
H Hiszpania / Holandia
100%
Ł Łotwa
100%
B Belgia / Brazylia
96%
E Estonia
96%
I Irlandia
96%
C Czechy
92%
L Luksemburg
92%
R Rosja
92%
F Finlandia
88%
O Oman
88%
P Portugalia
88%
U Ukraina
88%
W Włochy
88%
M Monako
85%
N Niemcy
85%
K Kosowo
81%
V Vanuatu
81%
T Turcja
77%
Z Zjednoczone Emiraty Arabskie
77%
J Jamajka
62%
G Gujana
50%
S Surinam
50%
D Dominika
42%
Nie znaleziono quizów pasujących do podanych kryteriów
Rozkład punktacji
Procent ludzi z każdym wynikiem
Percentyl według liczby udzielonych odpowiedzi
Twoja historia wyników
Nie rozwiązałeś tego quizu od ostatniego zresetowania